Ema a její kouzelná zoo. Osamělé lvíče /
Emin strýček Horác cestuje po celém světě a zachraňuje zvířátka, která ztratila domov. Emu a její maminku, která pracuje v zoo jako veterinářka, napadne, že jim vytvoří co nejlepší podmínky pro to, aby se rychle zabydlela. Ema ví jak na to. Rozumí totiž řeči zvířat a může s nimi mluvit. Ale pssst, n...
Uloženo v:
| Série: | Ema a její kouzelná zoo,
část 1 |
|---|---|
| Hlavní autor: | |
| Další autoři: | |
| Médium: | E-kniha |
| Jazyk: | Czech |
| Vydáno: |
Praha :
Fragment,
2017
|
| Vydání: | 1. vydání |
| Témata: | |
| Příbuzné jednotky: | Z cyklu::
Ema a její kouzelná zoo |
| Tagy: |
Žádné tagy |
| LEADER | 02553nam a2200505 i 4500 | ||
|---|---|---|---|
| 001 | 310827 | ||
| 003 | CZ PrSKC | ||
| 005 | 20260601215655.0 | ||
| 007 | ta | ||
| 008 | 170926s2017 xr a b 000 j cze | ||
| 015 | |a cnb002932803 | ||
| 020 | |a 9788025333037 |q (vázáno) : |c Kč 159,00 | ||
| 035 | |a (OCoLC)1011110497 | ||
| 040 | |a ABA001 |b cze |e rda | ||
| 041 | 1 | |a cze |h eng | |
| 072 | 7 | |a 821.111-3 |x Anglická próza, anglicky psaná |2 Konspekt | |
| 072 | 7 | |a 821-93 |x Literatura pro děti a mládež (beletrie) |2 Konspekt | |
| 080 | |a 821.111-32 |2 MRF | ||
| 080 | |a 821-93 |2 MRF | ||
| 080 | |a (0:82-32) |2 MRF | ||
| 100 | 1 | |a Cobb, Amelia |7 xx0217911 |4 aut | |
| 240 | 1 | 0 | |a Lonely lion cub. |l Česky |
| 245 | 1 | 0 | |a Ema a její kouzelná zoo. |p Osamělé lvíče / |c Amelia Cobb ; z anglického originálu Zoe's rescue zoo - The lonely lion cub přeložila Eva Brožová |
| 246 | 3 | 0 | |a Osamělé lvíče |
| 250 | |a 1. vydání | ||
| 264 | 1 | |a Praha : |b Fragment, |c 2017 | |
| 300 | |a 111 stran : |b ilustrace ; |c 20 cm | ||
| 336 | |a text |b txt |2 rdacontent | ||
| 337 | |a bez média |b n |2 rdamedia | ||
| 338 | |a svazek |b nc |2 rdacarrier | ||
| 520 | 2 | |a Emin strýček Horác cestuje po celém světě a zachraňuje zvířátka, která ztratila domov. Emu a její maminku, která pracuje v zoo jako veterinářka, napadne, že jim vytvoří co nejlepší podmínky pro to, aby se rychle zabydlela. Ema ví jak na to. Rozumí totiž řeči zvířat a může s nimi mluvit. Ale pssst, nikomu to neříkejte, je to tajemství! Nakladatelská anotace. | |
| 520 | 2 | |a Příběh o holčičce Emě, která s maminkou bydlí v ZOO a rozumí řeči zvířat. Pro děti od 7 let. | |
| 521 | 8 | |a Pro čtenáře od 7 let | |
| 655 | 7 | |a anglické příběhy |7 fd131813 |2 czenas | |
| 655 | 7 | |a publikace pro děti |7 fd133156 |2 czenas | |
| 655 | 9 | |a English stories |2 eczenas | |
| 655 | 9 | |a children's literature |2 eczenas | |
| 700 | 1 | |a Brožová, Eva |7 jn20010309864 |4 trl | |
| 787 | 0 | 8 | |i Z cyklu: |t Ema a její kouzelná zoo |g 1 |
| 900 | |a ABA001 |b 21 | ||
| 928 | 9 | |a Albatros Media - Fragment | |
| 044 | |a xr | ||
| 910 | |a RBIT002 | ||
| 998 | |d 175216 |a https://core.palmknihy.cz/api/books/175216/cover?sko4fy |b https://core.palmknihy.cz/api/books/175216/cover/400?sko4fy |c https://core.palmknihy.cz/api/books/175216/cover/50?sko4fy |e 2028-08-31 |g 112 |i 9788025333037 |j https://core.palmknihy.cz/api/books/175216/preview.epub |k https://core.palmknihy.cz/api/books/175216/preview.pdf |l |q 49 |r 1 |s https://www.palmknihy.cz/kniha/175216 |t ebook |y 2017 |z 0 |v Ema a její kouzelná zoo |w 1 | ||
| 999 | |d 310825 | ||